[Event "Dortmund3"]
[Site "Dortmund"]
[Date "2002.05.24"]
[Round "9"]
[White "Uekoetter, Klemens"]
[Black "Duschek, Guenter"]
[Result "0-1"]
[WhiteElo "1617"]
[BlackElo "1676"]
[PlyCount "110"]
[EventDate "2002.04.12"]
[EventType "tourn"]
[EventRounds "11"]
[EventCountry "GER"]
[SourceTitle "EXT 2007"]
[Source "ChessBase"]
[SourceDate "2006.11.23"]
[SourceVersion "1"]
[SourceVersionDate "2006.11.23"]
[SourceQuality "1"]

1. e4 c6 2. Nf3 d5 3. exd5 cxd5 4. Bb5+ Nc6 5. Ne5 Bd7 6. Nxd7 Qxd7 7. 0-0 e6 8. Re1 Nf6 9. d4 a6 10. Bf1 h5 11. Bf4 Bd6 12. Bxd6 Qxd6 13. h3 Qb4 14. Nd2 Qxd4 15. c3 Qf4 16. Nf3 Qc7 17. Qa4 Ne4 18. Nd4 0-0 19. Bd3 b5 20. Qd1 Nf6 21. Nf3 e5 22. Ng5 e4 23. Be2 Qf4 24. Qc1 Qxc1 25. Raxc1 Rfe8 26. h4 Ne5 27. Rcd1 Ng6 28. g3 Ne5 29. Kg2 Neg4 30. Nh3 g6 31. Nf4 Rad8 32. a3 Ne5 33. Rd4 Nf3 34. Bxf3 exf3+ 35. Kf1 Rxe1+ 36. Kxe1 Kf8 37. Rd3 Re8+ 38. Kf1 Re5 39. Rxf3 Ke7 40. Rd3 Kd6 41. Kg2 Ne4 42. Rf3 Nd2 43. Re3 Rxe3 44. fxe3 Nc4 45. Nd3 Nxe3+ 46. Kf3 Nc4 47. Kf4 f6 48. Kf3 Ne5+ 49. Ke3 Nxd3 50. Kxd3 Ke5 51. Ke3 g5 52. hxg5 fxg5 53. Kf3 d4 54. cxd4+ Kxd4 55. Ke2 Kc4 0-1